000 00706nam a2200265Ia 4500
005 20260302115125.0
008 008 260114s9999 xx 000 0 eng d
020 _a9781472543806
037 _aTextbook
040 _aCRL
040 _beng
040 _cCRL
041 _2eng
041 _aeng
084 _qCRL
100 _aSandeep Parmar
_91120763
245 0 _aReading Mina Loy’s Autobiographies Myth of the Modern Woman
260 _bBloomsbury
260 _bBloomsbury Academic
260 _c2013
650 _aLiterary Studies
856 _uhttps://dx.doi.org/10.5040/9781472543806?locatt=label:secondary_bloomsburyCollections
942 _cEBOOK
999 _c1685045
_d1685045